| 000 | 01434nam a22003494a 4500 | ||
|---|---|---|---|
| 001 | ebr10067284 | ||
| 003 | CaPaEBR | ||
| 006 | m u | ||
| 007 | cr cn||||||||| | ||
| 008 | 020312s2002 maua sb 001 0 eng | ||
| 010 | _z 2002016229 | ||
| 020 | _z1402070519 | ||
| 040 |
_aCaPaEBR _cCaPaEBR |
||
| 035 | _a(OCoLC)614723640 | ||
| 050 | 1 | 4 |
_aHD69.T54 _bD454 2002eb |
| 082 | 0 | 4 |
_a658.4/04 _221 |
| 100 | 1 | _aDemeulemeester, Erik L. | |
| 245 | 1 | 0 |
_aProject scheduling _h[electronic resource] : _ba research handbook / _cby Erik L. Demeulemeester, Willy S. Herroelen. |
| 260 |
_aBoston : _bKluwer Academic Publishers, _cc2002. |
||
| 300 |
_axxiii, 685 p. : _bill. |
||
| 490 | 1 |
_aInternational series in operations research & management science ; _v49 |
|
| 504 | _aIncludes bibliographical references (p. [641]-666) and indexes. | ||
| 533 |
_aElectronic reproduction. _bPalo Alto, Calif. : _cebrary, _d2013. _nAvailable via World Wide Web. _nAccess may be limited to ebrary affiliated libraries. |
||
| 650 | 0 | _aScheduling. | |
| 650 | 0 | _aProduction scheduling. | |
| 650 | 0 | _aProject management. | |
| 655 | 7 |
_aElectronic books. _2local |
|
| 700 | 1 | _aHerroelen, Willy. | |
| 710 | 2 | _aebrary, Inc. | |
| 830 | 0 |
_aInternational series in operations research & management science ; _v49. |
|
| 856 | 4 | 0 |
_uhttp://site.ebrary.com/lib/rucke/Doc?id=10067284 _zAn electronic book accessible through the World Wide Web; click to view |
| 999 |
_c49034 _d49034 |
||